000 00287nam a22001337a 4500
008 171027b xxu||||| |||| 00| 0 eng d
020 _a9780131856059
041 _aeng
080 _a336
100 _a55
101 _aMEN
245 _aFOUNDATIONS OF FINANCE
_cKEOWN
942 _2udc
_cBK
999 _c36015
_d36015